The Most wonderful writing lessons ever : (Record no. 112989)
[ view plain ]
| 000 -LEADER | |
|---|---|
| fixed length control field | 00612nam a2200193 a 4500 |
| 001 - CONTROL NUMBER | |
| control field | 4032 |
| 005 - DATE AND TIME OF LATEST TRANSACTION | |
| control field | 20140414131958.0 |
| 008 - FIXED-LENGTH DATA ELEMENTS--GENERAL INFORMATION | |
| fixed length control field | 081119s19uu xx 00 eng d |
| 020 ## - INTERNATIONAL STANDARD BOOK NUMBER | |
| International Standard Book Number | 0-590-87304-0 |
| 050 ## - LIBRARY OF CONGRESS CALL NUMBER | |
| Classification number | TR 808 |
| Item number | M11 1999 |
| 100 ## - MAIN ENTRY--PERSONAL NAME | |
| Personal name | Mariconda, Barbara |
| 245 ## - TITLE STATEMENT | |
| Title | The Most wonderful writing lessons ever : |
| Remainder of title | grades 2-4 / |
| Statement of responsibility, etc | Barbara Mariconda. |
| 260 ## - PUBLICATION, DISTRIBUTION, ETC. (IMPRINT) | |
| Place of publication, distribution, etc | NY : |
| Name of publisher, distributor, etc | Scholastic Proffesional Books, |
| Date of publication, distribution, etc | 1999. |
| 300 ## - PHYSICAL DESCRIPTION | |
| Extent | 128 p. ; ill. |
| 440 ## - SERIES STATEMENT/ADDED ENTRY--TITLE | |
| Title | Scholastic Teaching Strategies |
| 650 ## - SUBJECT ADDED ENTRY--TOPICAL TERM | |
| Topical term or geographic name as entry element | Creative Writing- - Juvenile literature |
| 650 ## - SUBJECT ADDED ENTRY--TOPICAL TERM | |
| Topical term or geographic name as entry element | Languagearts-- Juvenile literature |
| Withdrawn status | Lost status | Damaged status | Use restrictions | Home library | Current library | Shelving location | Date acquired | Source of acquisition | Cost, normal purchase price | Total Checkouts | Full call number | Barcode | Date last seen | Price effective from | Koha item type |
|---|---|---|---|---|---|---|---|---|---|---|---|---|---|---|---|
| Munich Library | Munich Library | Teachers Reference Section | 01/04/2007 | 295.00 | TR 808 M11 1999 | M4418 | 04/14/2014 | 04/14/2014 | Books |